| 000 | 00670nam a2200277Ia 4500 | ||
|---|---|---|---|
| 008 | 210210b2010 xxu||||| |||| 00| 0 eng d | ||
| 020 | _a9788125040217 | ||
| 041 | _aeng | ||
| 082 | _a425 KNAG | ||
| 100 | _aKNAPP (Peter) | ||
| 245 |
_aGenre, text, grammar _bTechnologies for teaching and assessing writing |
||
| 260 |
_aHyderabad _bOrient BlackSwan _c2010 |
||
| 300 | _a256 | ||
| 650 | _awriting | ||
| 650 | _atext, | ||
| 650 | _aTechnologies | ||
| 650 | _ateaching | ||
| 650 | _agrammar | ||
| 650 | _aGenre, | ||
| 650 | _afor | ||
| 650 | _aassessing | ||
| 650 | _aand | ||
| 690 | _aEnglish Grammar | ||
| 700 | _aWATKINS (Megan) | ||
| 906 | _a067429 | ||
| 999 |
_c150160 _d150160 |
||